Jobs, enterprise and deprived areas (Record no. 118078)
[ view plain ]
| 000 -LEADER | |
|---|---|
| fixed length control field | 00971cam a2200217 4500 |
| 001 - CONTROL NUMBER | |
| control field | WB4037-17 |
| 008 - FIXED-LENGTH DATA ELEMENTS--GENERAL INFORMATION | |
| fixed length control field | 040929n2004 000 0 eng u |
| 035 ## - SYSTEM CONTROL NUMBER | |
| System control number | (Sirsi) u127550 |
| 245 ## - TITLE STATEMENT | |
| Title | Jobs, enterprise and deprived areas |
| 260 ## - PUBLICATION, DISTRIBUTION, ETC. | |
| Date of publication, distribution, etc. | 2004 |
| 490 ## - SERIES STATEMENT | |
| Series statement | ODPM News Release |
| 520 ## - SUMMARY, ETC. | |
| Summary, etc. | New cross government measures are announced to tackle persisting pockets of worklessness across the country. A new study by the Social Exclusion Unit, Jobs and enterprise in deprived areas', outlined the actions to be taken which include promotion of low-cost home ownership through job centres to give people a stake in their communities and guidance for social landlords on how to create mixed communities. http://www.odpm.gov.uk/pns/DisplayPN.cgi?pn_id=200 4_0227 |
| 590 ## - LOCAL NOTE (RLIN) | |
| Local note | WB |
| 590 ## - LOCAL NOTE (RLIN) | |
| Local note | WB |
| 650 ## - SUBJECT ADDED ENTRY--TOPICAL TERM | |
| Topical term or geographic name entry element | DEPRIVED AREAS |
| 650 ## - SUBJECT ADDED ENTRY--TOPICAL TERM | |
| Topical term or geographic name entry element | HOUSING QUALITY |
| 650 ## - SUBJECT ADDED ENTRY--TOPICAL TERM | |
| Topical term or geographic name entry element | SOCIAL EXCLUSION UNIT |
| 650 ## - SUBJECT ADDED ENTRY--TOPICAL TERM | |
| Topical term or geographic name entry element | HOME OWNERSHIP |
| 690 ## - LOCAL SUBJECT ADDED ENTRY--TOPICAL TERM (OCLC, RLIN) | |
| Topical term or geographic name as entry element | REGENERATION |
| 942 ## - ADDED ENTRY ELEMENTS (KOHA) | |
| Suppress in OPAC | 0 |
| Withdrawn status | Lost status | Source of classification or shelving scheme | Damaged status | Not for loan | Home library | Current library | Shelving location | Date acquired | Total Checkouts | Full call number | Barcode | Date last seen | Copy number | Price effective from | Koha item type |
|---|---|---|---|---|---|---|---|---|---|---|---|---|---|---|---|
| Dewey Decimal Classification | London | London | News article | 29/09/2004 | WB4037-17 | 127550-1001 | 06/08/2019 | 1 | 06/08/2019 | News article |